| 000 | 00855nam a2200349 a 4500 | ||
|---|---|---|---|
| 003 | AR-BaBNM | ||
| 005 | 20251128203259.0 | ||
| 008 | 082120s2002 ||||||||||||||000 | spa|| | ||
| 020 | _a0-8160-1927-4 | ||
| 040 | _cAR-BaBNM | ||
| 100 | 1 | _aCollcutt, Martin | |
| 245 | 0 | 0 | _aCultural atlas of Japan |
| 260 |
_aNew York _bFacts on File _c1991 |
||
| 300 |
_a240 p. _bil., láms., mapas |
||
| 500 | _aContiene índice alfabético en p. 237 | ||
| 650 | 4 | _aARTE | |
| 650 | 4 | _aATLAS | |
| 650 | 4 | _aHISTORIA CULTURAL | |
| 650 | 4 | _aSOCIEDAD | |
| 650 | 4 | _aECONOMIA | |
| 650 | 4 | _aCIVILIZACION | |
| 650 | 4 | _aHISTORIA ASIATICA | |
| 650 | 4 | _aCULTURAS ASIATICAS | |
| 650 | 4 | _aMAPAS | |
| 650 | 4 | _aGEOGRAFIA | |
| 651 | 4 | _aJapón | |
| 655 | _aREFERENCIA | ||
| 700 | 1 | _aJansen, Marius | |
| 700 | 1 | _aKumakura, Isao | |
| 942 | _cBK | ||
| 998 | _cMARTIN | ||
| 999 |
_c2697 _d2697 |
||